Szczegóły MARC21

Systemy informacyjne zarządzania organizacjami gospodarczymi w procesie globalizacji z wspomaganiem informatycznym /

003 -Nazwa inst., której nr kontr. jest w polu 001 [,]
    • @
    • Nazwa instytucji, której n kontrolny jest w polu 001
    • NUKAT
005 -DATA I CZAS OSTATNIEJ MODYFIKACJI [,]
    • @
    • pole kontrolne
    • 20241231114057.0
020 -Międzynarod. znormalizowany nr książki - ISBN [ , ]
    • a
    • Numer ISBN
    • 8389244594 Find
020 -Międzynarod. znormalizowany nr książki - ISBN [ , ]
    • z
    • Błędny ISBN (P)
    • 9788389244594 Find
040 -Instytucja sporządzająca opis [ , ]
    • a
    • Instytucja, która sporządziła opis (NP)
    • Ł U/GS
    • c
    • Instytucja, która sporządziła rekord (NP)
    • Ł U/GS
    • d
    • Instytucja, która zmodyfikowała rekord (P)
    • Ł U/GS
    • d
    • Instytucja, która zmodyfikowała rekord (P)
    • WA 72/01OMW
    • d
    • Instytucja, która zmodyfikowała rekord (P)
    • Ł U/MSs
942 -Rodzaj dokumentu [ , ]
    • c
    • Rodzaj dokumentu
    • Książka
100 -Hasło główne - nazwa osobowa [1, ]
    • a
    • Nazwa osobowa (NP)
    • Łagowski, Tadeusz.
    • 9
    • KHW
    • 41611
245 -Strefa tytułu i oznaczenia odpowiedzialności [1,0]
    • a
    • Tytuł
    • Systemy informacyjne zarządzania organizacjami gospodarczymi w procesie globalizacji z wspomaganiem informatycznym / Find
    • c
    • Pozostałe elementy strefy tytułu i oznaczenia odpowiedzialności (NP)
    • Tadeusz Łagowski ; Polsko-Japońska Wyższa Szkoła Technik Komputerowych.
260 -Strefa adresu wydawniczego [ , ]
    • a
    • Miejsce wydania (P)
    • Warszawa :
    • b
    • Nazwa wydawcy (P)
    • Wydawnictwo PJWSTJ,
    • c
    • Data wydania (P)
    • cop. 2006.
300 -Strefa opisu fizycznego [ , ]
    • a
    • Określenie formy książki i/lub objętość (NP)
    • XIX, 345, [3] s. :
    • b
    • Oznaczenie ilustracji (NP)
    • il. ;
    • c
    • Format (NP)
    • 24 cm.
336 -Typ zawartości [ , ]
    • a
    • Termin opisujący typ zawartości
    • Tekst
    • b
    • Kod określający zawartość
    • txt
    • 2
    • Źródło (terminu i kodu)
    • rdacontent
337 -Typ mediów [ , ]
    • a
    • Tryb odtwarzania
    • Bez urządzenia pośredniczącego
    • b
    • Kod typu mediów
    • n
    • 2
    • Źródło (terminu i kodu)
    • rdamedia
338 -Typ/rodzaj nośnika [ , ]
    • a
    • Hasło opisujące typ nośnika
    • Wolumin
    • b
    • Kod typu nośnika
    • nc
    • 2
    • Źródło (terminu i kodu)
    • rdacarrier
490 -Strefa serii i książki wielotomowej - forma nie do wyszukiwania [1, ]
    • a
    • Tytuł (P)
    • Podręczniki Akademickie ; Find
    • v
    • Numeracja (P)
    • t. 24
830 -Hasło dodatkowe serii i opisu książki wielotomowej - tytuł ujednolicony/tytuł [ ,0]
    • a
    • Tytuł ujednolicony/tytuł (NP)
    • Podręczniki Akademickie - Polsko-Japońska Wyższa Szkoła Technik Komputerowych
    • v
    • Oznaczenie tomu (NP)
    • t. 24
    • 9
    • KHW
    • 41612
504 -Uwaga dot. bibliogr. załącznikowej [ , ]
    • a
    • Uwaga dot. bibliografii załącznikowej
    • Bibliogr. s. 333-345.
080 -Uniwersalna Klasyfikacja Dziesiętna [ , ]
    • 2
    • Identyfikator wydania tablic
    • UDC-P058
    • 9
    • UKD
    • 1882
    • a
    • Symbol klasyfikacji
    • 001.102-048.44
    • b
    • Dopowiedzenie
    • Systemy informacyjne.
080 -Uniwersalna Klasyfikacja Dziesiętna [ , ]
    • 2
    • Identyfikator wydania tablic
    • UDC-P058
    • 9
    • UKD
    • 2129
    • a
    • Symbol klasyfikacji
    • 004.7
    • b
    • Dopowiedzenie
    • Komunikacja komputerowa. Sieci komputerowe.
080 -Uniwersalna Klasyfikacja Dziesiętna [ , ]
    • 2
    • Identyfikator wydania tablic
    • UDC-P058
    • 9
    • UKD
    • 2210
    • a
    • Symbol klasyfikacji
    • 005.7
    • b
    • Dopowiedzenie
    • Zarządzanie. Zarządzanie organizacyjne.
080 -Uniwersalna Klasyfikacja Dziesiętna [ , ]
    • 2
    • Identyfikator wydania tablic
    • UDC-P058
    • 9
    • UKD
    • 5602
    • a
    • Symbol klasyfikacji
    • 658.1/.5:005.2
    • b
    • Dopowiedzenie
    • Zarządzanie strategiczne przedsiębiorstwa.
080 -Uniwersalna Klasyfikacja Dziesiętna [ , ]
    • 2
    • Identyfikator wydania tablic
    • UDC-P058
    • 9
    • UKD
    • 3116
    • a
    • Symbol klasyfikacji
    • 334.75
    • b
    • Dopowiedzenie
    • Związki gospodarcze ponadzakładowe w gospodarce rynkowej. Kartele. Syndykaty. Trusty. Koncerny. Fuzje. Przejmowanie przedsiębiorstw. Korporacje. Monopole
650 -Hasło przedmiotowe [ ,7]
    • a
    • Hasło przedmiotowe
    • Globalizacja
    • x
    • Określnik rzeczowy
    • zarządzanie.
    • 2
    • Źródło terminu
    • kaba
    • 9
    • KHW
    • 350786
650 -Hasło przedmiotowe [ ,7]
    • a
    • Hasło przedmiotowe
    • Organizacje gospodarcze międzynarodowe.
    • 2
    • Źródło terminu
    • kaba
    • 9
    • KHW
    • 122590
650 -Hasło przedmiotowe [ ,7]
    • a
    • Hasło przedmiotowe
    • Systemy informacyjne zarządzania.
    • 2
    • Źródło terminu
    • kaba
    • 9
    • KHW
    • 131815
650 -Hasło przedmiotowe [ ,7]
    • a
    • Hasło przedmiotowe
    • Zarządzanie
    • x
    • Określnik rzeczowy
    • informatyka.
    • 2
    • Źródło terminu
    • kaba
    • 9
    • KHW
    • 137500
980 -Symbol UKD [ , ]
    • a
    • UKD
    • 001.102-048.44:004.7:005.7:658.1/.5:005.2:334.75
710 -Hasło dodatkowe - nazwa ciała zbiorowego [2, ]
    • a
    • Nazwa ciała zbiorowego lub nazwa geograficzna jako pierwszy element (NP)
    • Polsko-Japońska Wyższa Szkoła Technik Komputerowych.
    • b
    • Nazwa jednostki podrzędnej (P)
    • Wydawnictwo.
    • 4
    • Kod relacji
    • pbl
    • 9
    • KHW
    • 78273
920 -ISBN [ , ]
    • a
    • ISBN
    • 83-89244-59-4 Find
920 -ISBN [ , ]
    • z
    • Błędny ISBN
    • 978-83-89244-59-4 Find
Lokalizacja Data inwentaryzacji Status udost. Numer inwentarzowy Sygnatura
GW2016-03-17-2GW.7130004
T2012-04-04-2T.11893